[Event "Roquetas de Mar U2150 op"]
[Site "Roquetas de Mar"]
[Date "2013.01.05"]
[Round "3.2"]
[White "Cartagena Sanchez, Javier"]
[Black "Aguilera Quiztke, Alexandra"]
[Result "0-1"]
[WhiteElo "2025"]
[BlackElo "1865"]
[PlyCount "84"]
[EventDate "2013.01.04"]
[EventType "swiss"]
[EventRounds "7"]
[EventCountry "ESP"]
[SourceTitle "EXT 2024"]
[Source "ChessBase"]
[SourceDate "2023.10.10"]
[SourceVersion "1"]
[SourceVersionDate "2023.10.10"]
[SourceQuality "1"]

1. e4 e6 2. d4 d5 3. Nd2 dxe4 4. Nxe4 Bd7 5. Nf3 Bc6 6. Bd3 Nd7 7. 0-0 Ngf6 8. Ng3 Be7 9. c3 0-0 10. Qe2 Bxf3 11. Qxf3 c6 12. Re1 Qa5 13. Nf5 Rfe8 14. Nxe7+ Rxe7 15. Bf4 Ree8 16. g4 e5 17. b4 Qd5 18. Qxd5 Nxd5 19. Bd2 exd4 20. cxd4 N7f6 21. h3 h6 22. b5 cxb5 23. Bxb5 Red8 24. Rac1 g5 25. Re5 Rac8 26. Rxc8 Rxc8 27. Bd3 Kg7 28. a3 Rd8 29. Be3 a6 30. Kh2 b5 31. Kg3 b4 32. axb4 Nxb4 33. Bc4 Nfd5 34. Kf3 a5 35. Bd2 a4 36. Ke4 Nf6+ 37. Ke3 Nc2+ 38. Kd3 Nxd4 39. Kc3 Nf3 40. Re2 Nxd2 41. Bd3 Nf3 42. Bf5 Nd4 0-1

[Event "San Pedro del Pinatar op 1st"]
[Site "San Pedro del Pinatar"]
[Date "2010.01.17"]
[Round "7"]
[White "Alcaraz Pacheco, Ivan"]
[Black "Cartagena Sanchez, Javier"]
[Result "1-0"]
[WhiteElo "2042"]
[BlackElo "1951"]
[PlyCount "58"]
[EventDate "2010.01.15"]
[EventType "swiss"]
[EventRounds "7"]
[EventCountry "ESP"]
[SourceTitle "CBM 134 Extra"]
[Source "ChessBase"]
[SourceDate "2010.03.03"]
[SourceVersion "1"]
[SourceVersionDate "2010.03.03"]
[SourceQuality "1"]

1. e4 e5 2. Nc3 Nc6 3. f4 exf4 4. Nf3 Nf6 5. e5 Nh5 6. d4 d5 7. Be2 g5 8. Nxg5 Qxg5 9. Bxh5 Qh4+ 10. Kf1 Be6 11. Bf3 0-0-0 12. Ne2 Bh6 13. g3 Bh3+ 14. Kf2 Qe7 15. Bxf4 Bxf4 16. Nxf4 Be6 17. c3 Kb8 18. Qb3 f6 19. exf6 Qxf6 20. Rae1 Bf7 21. Rhf1 h5 22. Ke2 h4 23. Kd1 hxg3 24. hxg3 Qg5 25. Ne2 Na5 26. Qc2 Nc4 27. Nf4 Qxg3 28. Qf5 Nxb2+ 29. Kc2 Rh2+ 1-0

[Event "Benidorm op U2000 07th"]
[Site "Benidorm"]
[Date "2008.12.01"]
[Round "3"]
[White "Cartagena Sanchez, Javier"]
[Black "Perera Borrego, Mariela"]
[Result "0-1"]
[WhiteElo "1963"]
[BlackElo "1856"]
[PlyCount "102"]
[EventDate "2008.11.29"]
[EventType "swiss"]
[EventRounds "9"]
[EventCountry "ESP"]
[SourceTitle "CBM 127 Extra"]
[Source "ChessBase"]
[SourceDate "2009.01.08"]
[SourceVersion "2"]
[SourceVersionDate "2009.01.28"]
[SourceQuality "1"]

1. e4 d6 2. d4 Nf6 3. Bd3 e5 4. c3 Be7 5. h3 Nbd7 6. Nf3 0-0 7. 0-0 d5 8. dxe5 dxe4 9. exf6 Nxf6 10. Be2 exf3 11. Bxf3 c6 12. Qb3 Qb6 13. Nd2 Be6 14. Qxb6 axb6 15. a3 Rfd8 16. Ne4 Nxe4 17. Bxe4 Bb3 18. Bf4 Ra4 19. Rfe1 f5 20. Bf3 Rd7 21. Be3 Bc5 22. Bxc5 bxc5 23. Bd1 c4 24. Bxb3 cxb3 25. Rad1 Re4 26. Rxd7 Rxe1+ 27. Kh2 b5 28. Rd2 Kf7 29. Kg3 Ke6 30. Kf3 Rc1 31. Ke2 g5 32. Rd1 Rxd1 33. Kxd1 Ke5 34. Ke2 h5 35. Kf3 g4+ 36. hxg4 fxg4+ 37. Kg3 Ke4 38. Kh4 Kd3 39. Kxh5 Kc2 40. Kxg4 Kxb2 41. f4 Kxc3 42. Kg5 b2 43. g4 b1Q 44. f5 Kd4 45. Kf6 Qe1 46. g5 Qe8 47. Kg7 Qe7+ 48. Kh6 Ke5 49. f6 Qf8+ 50. Kg6 Qg8+ 51. Kh6 Kf5 0-1